Municipalities of Hamilton County, Indiana (Map) - Statistics

General Stats
  • This quiz has been taken 22 times
  • The average score is 5 of 8
Answers on the Map
Answers color-coded by a green-red scale on the quiz's map according to % correct below.
 
Answer Stats
Answer % Correct
Carmel
100%
Fishers
93%
Noblesville
87%
Westfield
87%
Sheridan
53%
Cicero
47%
Arcadia
40%
Atlanta
33%
No matching quizzes found
Score Distribution
Percent of People with Each Score
Percentile by Number Answered
Your Score History
You have not taken this quiz